000 00481nam a22001817a 4500
003 NUST - PNEC
005 20170116180810.0
008 150429b xxu||||| |||| 00| 0 eng d
020 _a-
040 _cLIBRARY
082 _a327.7305694 ROM
100 _93318
_aRomi, Sayed
245 _aIsrael ki deda-o-danista fareed karian
_cSayed Romi
260 _aLahore:
_bSufa Publications,
_cc2003.
300 _a324 p. :
_c22 cm.
650 _93319
_aIsrael
_xGeneral
942 _2ddc
_cBK
999 _c63358
_d63358